000 01151cam a2200277 a 4500
999 _c330219
_d330219
001 75004
003 NUST
005 20170614110712.0
008 950323s1995 enka b 001 0 eng
010 _a 95076277
020 _a0751400521 (pbk.)
040 _aDLC
_cDLC
_dDLC
042 _apcc
050 0 0 _aTD193
_b.E542 1995
082 _a577.14 FIF
245 0 0 _aEnvironmental analytical chemistry /
_cEdited by F.W. Fifield and P.J. Haines.
260 _aLondon ;
_aNew York :
_bBlackie Academic & Professional,
_c1995
_g(1997 printing)
300 _axvi, 424 p. :
_bill. ;
_c25 cm.
500 _aP.B
504 _aIncludes bibliographical references and index.
650 0 _aEnvironmental chemistry.
_9441
650 0 _aChemistry, Analytic.
_9705
700 1 _aFifield, F. W.
_q(Frederick William)
_92642
700 1 _aHaines, P. J.
_q(Peter J.)
_92643
856 4 2 _3Publisher description
_uhttp://www.loc.gov/catdir/enhancements/fy0745/95076277-d.html
906 _a7
_bcbc
_corignew
_d2
_eopcn
_f19
_gy-gencatlg
942 _2ddc
_cBK
_kIESE